000 00612nam a2200205 u 4500
005 20210223130347.0
008 080124s2005 es r 000 0 spa d
020 _a8441321191
035 _aUPN01000153893
049 _aC
050 4 _aDS554.98 A5
_bA4.2
100 1 _aAlbanese, Marilia
245 1 0 _aAngkor /
_cMarilia Albanese ; tr. Sofía Noguera Mendía.
260 _aBarcelona, Esp. :
_bFolio,
_c2005.
300 _a288 p. :
_bil. col.
440 0 _aGrandes civilizaciones del pasado
651 4 _aANGKOR (CIUDAD DESAPARECIDA)
_911696
651 4 _aCAMBODIA -
_xANTIGUEDADES
_911695
905 _aLibro
999 _c126014
_d126014